| 000 | 01223cam a22003377a 4500 | ||
|---|---|---|---|
| 003 | CHAP | ||
| 005 | 20220329142342.0 | ||
| 008 | 000912d199? mx r 00110 spa d | ||
| 010 | _a82209 | ||
| 011 | _a83181 | ||
| 035 | _a93692 | ||
| 040 | _cCHAP | ||
| 090 | _aFolleto 10128 | ||
| 100 | 0 | 0 |
_aJuárez, Jaime, _ecoord. _962508 |
| 245 | 1 | 0 |
_aRecomendaciones técnicas para la producción de frijol y maíz bajo condiciones de temporal en el ejido de Juan Aldama, Zac. para el ciclo p.v. 98/99 _c/coord. por Jaime Juárez |
| 260 |
_aMéxico, D.F. : _bPrograma Elemental de Asistencia Técnica _c[199?]. |
||
| 300 | _a39 p. | ||
| 590 |
_aBATCH-UPD _b10 _c20130110 _lUCH01 _h0629 |
||
| 590 |
_aBATCH-UPD _b10 _c20130410 _lUCH01 _h0312 |
||
| 590 |
_aBATCH-UPD _b10 _c20130914 _lUCH01 _h0505 |
||
| 590 |
_aCONVERSION _b10 _c20130109 _lUCH01 _h1346 |
||
| 650 | 1 | 4 |
_aAyuda técnica. _99035 |
| 650 | 1 | 4 |
_aFrijol _zZacatecas. _943458 |
| 650 | 1 | 4 |
_aMaíz _zZacatecas. _971104 |
| 650 | 1 | 4 |
_aProgramas de capacitación _xEvaluación. _992377 |
| 901 | _aBK | ||
| 905 | _aPatricia Mendoza P. | ||
| 942 | _cFOLL | ||
| 949 |
_aFolleto 10128 _bBC _cFOLL _d936921 _eTS1 _i93692 _sb |
||
| 949 |
_aFolleto 10128 _bBC _cFOLL _d936922 _eTS2 _fc.2 _i93692 _sb |
||
| 999 |
_c82209 _d82209 |
||